Philippines top 50 Largest Islands - Statistics

General Stats
  • This quiz has been taken 74 times
  • The average score is 17 of 50
Answer Stats
Hint Answer % Correct
1st Luzon
98%
2nd Mindanao
95%
4th Negros
85%
5th Palawan
84%
3rd Samar
82%
9th Cebu
80%
7th Mindoro
80%
8th Leyte
75%
10th Bohol
71%
11th Masbate
71%
6th Panay
71%
13th Basilan
47%
12th Catanduanes
45%
18th Dinagat
40%
16th Jolo
40%
21st Tawi-Tawi
40%
14th Marinduque
38%
33rd Camiguin
36%
27th Siquijor
36%
22nd Biliran
35%
20th Guimaras
35%
17th Tablas
25%
15th Busuanga
24%
19th Polillo
24%
25th Burias
22%
31st Samal
20%
23rd Sibuyan
20%
28th Ticao
20%
36th Alabat
16%
44th Bantayan
16%
24th Siargao
16%
30th Balabac
15%
34th Calayan
15%
26th Culion
15%
41st Lubang
15%
50th Panglao
15%
46th Homonhon
11%
37th Panaon
11%
32nd Sibutu
11%
43rd Bugsuk
9%
35th Olutanga
9%
49th Patnanongan
9%
48th Poro
9%
47th Babuyan Claro
7%
40th Bucas Grande
7%
29th Dumaran
7%
42nd Linapacan
7%
38th Mapun
7%
45th Pacijan
7%
39th Camiguin de Babuyanes
2%
No matching quizzes found
Score Distribution
Percent of People with Each Score
Percentile by Number Answered
Your Score History
You have not taken this quiz